Stratégia v záujme rozvoja

Zo správy ministra zahraničných ekonomických vzťahov a obchodu Ukrajiny S.H.Osyka. Zabezpečenie priaznivých podmienok pre vstup Ukrajiny na svetové trhy, podpora domácich exportérov. Vzťahy so SNŠ, Ruskom a pobaltskými krajinami. Dohoda s EÚ. Zmluvy s USA.

Guardado en:
Detalles Bibliográficos
Autor principal: Osyka, S.H
Formato: Capítulo de libro
Lenguaje:eslovaco
Materias:
Etiquetas: Agregar Etiqueta
Sin Etiquetas, Sea el primero en etiquetar este registro!

MARC

LEADER 00000naa a2200000 4500
001 r021205
005 20230801104643.8
041 0 |a slo 
044 |a SK 
245 1 0 |a Stratégia v záujme rozvoja  |c S.H. Osyka 
520 |a Zo správy ministra zahraničných ekonomických vzťahov a obchodu Ukrajiny S.H.Osyka. Zabezpečenie priaznivých podmienok pre vstup Ukrajiny na svetové trhy, podpora domácich exportérov. Vzťahy so SNŠ, Ruskom a pobaltskými krajinami. Dohoda s EÚ. Zmluvy s USA. 
610 2 0 |a Ukrajina 
610 2 0 |a 1995 
610 2 0 |a 1996 
610 2 0 |a politika zahraničnoobchodná 
100 1 |a Osyka, S.H.